Diseño de módulos de formación con enfoque de competencias laborales
Сохранить в:
| Главные авторы: | , , , |
|---|---|
| Формат: | |
| Язык: | испанский |
| Опубликовано: |
Valparaíso
Universidad de Playa Ancha de Ciencias de la Educación
2006
|
| Предметы: | |
| Метки: |
Добавить метку
Нет меток, Требуется 1-ая метка записи!
|
MARC
| LEADER | 00000nam a2200000 a 4500 | ||
|---|---|---|---|
| 001 | UCH1741 | ||
| 003 | CL-VaPUC | ||
| 008 | 090514e20060000CL |||||||||||||||||spa|d | ||
| 082 | 0 | 4 | |a 373.246 |b AGU |2 21 |
| 100 | 0 | |a Aguilar Pulido, Gastón |e author |9 536250 | |
| 700 | 0 | |a Flores Castillo, Francis |e author |9 536251 | |
| 700 | 0 | |a Leiva Núñez, Jaime |e author |9 536252 | |
| 700 | 0 | |a Toledo Pereira, Mónica |e author |9 536253 | |
| 245 | 1 | 0 | |a Diseño de módulos de formación con enfoque de competencias laborales |
| 300 | |a 137 p | ||
| 942 | |c BK | ||
| 945 | |d 20090514 00:00:00 |a rbrito | ||
| 260 | |a Valparaíso |b Universidad de Playa Ancha de Ciencias de la Educación |c 2006 | ||
| 650 | 7 | |a COMPETENCIAS LABORALES |2 CL-VaPUC |9 525317 | |
| 650 | 7 | |a FORMACION TECNICA |2 CL-VaPUC |9 310136 | |
| 650 | 0 | |a Educación superior |9 223851 | |
| 650 | 7 | |a EDUCACION TECNICA PROFESIONAL |2 CL-VaPUC |9 390247 | |
| 583 | |a last modification |c 20090514 00:00:00 |k Rodrigo Vera | ||
| 999 | |c 333656 |d 333654 | ||